| 000 | 00740nam a22002177a 4500 | ||
|---|---|---|---|
| 003 | DO-SdBNP | ||
| 005 | 20240314191552.0 | ||
| 007 | ta | ||
| 008 | 210112e2019 dr ||||| |||| 001 0dspa d | ||
| 020 | _a9789945919301 | ||
| 040 |
_aDO-SdBNP _bspa _cBNPHU |
||
| 041 | _hspa | ||
| 082 | 4 |
_bT686a _222 |
|
| 100 | 1 |
_aToro, Belén C., del _977664 |
|
| 245 | 1 | 3 |
_aLa autonomía e independencia de los órganos constitucionales extrapoder de República Dominicana : _b¿mito o realidad ? / _cBelen C. del Toro ; prólogo Milton L. Ray Guevara. |
| 260 |
_aSanto Domingo : _bOcéano Azul, _c2019. |
||
| 300 |
_a121 p. : _c25 cm. |
||
| 504 | _aBibliografía : p.115-121. | ||
| 700 | 1 |
_aMilton Ray Guevara _d1948- _eprólogo. _978143 |
|
| 942 |
_2ddc _cLBS1 |
||
| 999 |
_c49311 _d49311 |
||